• 首页
  • 本馆介绍
  • 公告通知
  • 最新文献
  • 馆藏检索
  • 电子资源
  • 读者导购
  • 参考咨询
  • 我的图书馆
  • 登录
  • 详细信息显示
  • 放入我的书架
  • 预约/预借图书
  • 作者相关作品
  • 分类相关作品
  • 丛书相关作品
  • 出版社相关作品

书目信息

  • 表格格式
  • 工作单格式
  • 卡片格式
题名:
中职学习型教研组织的功能与机制研究
    
 
作者: 丁卫东 , 凌静 著
分册:  
出版信息: 上海   上海大学出版社  2011.11
页数: 152页
开本: 26cm
丛书名:
单 册:
中图分类: G718.2
科图分类:
主题词: 职业高中--教学研究 , 职业高中 , 教学研究
电子资源:
ISBN: 978-7-81118-924-7
000 01072nam0 2200277 450
001 010050023345
005 20160516094627.57
010    @a978-7-81118-924-7@dCNY38.00
100    @a20111231d2011 em y0chiy0110 ea
101 0  @achi
102    @aCN@b310000
105    @aa z 000yy
106    @ar
200 1  @a中职学习型教研组织的功能与机制研究@9zhong zhi xue xi xing jiao yan zu zhi de gong neng yu ji zhi yan jiu@e基于一所职业高级中学的实践探索@f丁卫东,凌静著
210    @a上海@c上海大学出版社@d2011.11
215    @a152页@c图@d26cm
330    @a本书共八章,主要内容有:中职教研组织存在的价值、走出传统中职教研组织发展的困境、中职学习型教研组织的结构与功能、中职学习型教研组织运作的保障机制等。
517 1  @a基于一所职业高级中学的实践探索@9ji yu yi suo zhi ye gao ji zhong xue de shi jian tan suo
606 0  @a职业高中@x教学研究
606 0  @a职业高中
606 0  @a教学研究
690    @aG718.2@v5
701  0 @a丁卫东@9ding wei dong@f(1971~)@4著
701  0 @a凌静@9ling jing@f(1974~)@4著
801  0 @aCN@bNLC@c20120601
905    @b877384-89@dG718.2@e32@f6
    
    中职学习型教研组织的功能与机制研究:基于一所职业高级中学的实践探索/丁卫东,凌静著.-上海:上海大学出版社,2011.11
    152页:图;26cm
    
    
    ISBN 978-7-81118-924-7:CNY38.00
    本书共八章,主要内容有:中职教研组织存在的价值、走出传统中职教研组织发展的困境、中职学习型教研组织的结构与功能、中职学习型教研组织运作的保障机制等。
●
相关链接 在E读中查询图书 在五车中查询图书 在当当中查询图书 在豆瓣中查询图书


正题名:中职学习型教研组织的功能与机制研究     索取号:G718.2/32         预约/预借

序号 登录号 条形码 馆藏地/架位号 状态 备注
1 877384   208773843   第一样本阅览室/ [索取号:G718.2/32] 在馆    
2 877385   208773852   教育系资料室/ [索取号:G718.2/32] 在馆    
3 877386   208773861   教育系资料室/ [索取号:G718.2/32] 在馆    
4 877387   208773870   教育系资料室/ [索取号:G718.2/32] 在馆    
5 877388   208773889   第四借阅区/ [索取号:G718.2/32] 在馆    
6 877389   208773898   第四借阅区/ [索取号:G718.2/32] 在馆    
唐山师范学院图书馆 欢迎您!
大连网信软件有限公司© 版权所有